Hilal July-2011 (Record no. 197716)
[ view plain ]
| 000 -LEADER | |
|---|---|
| fixed length control field | 00774 a2200181 4500 |
| 003 - CONTROL NUMBER IDENTIFIER | |
| control field | Nust |
| 005 - DATE AND TIME OF LATEST TRANSACTION | |
| control field | 20170207154438.0 |
| 040 ## - CATALOGING SOURCE | |
| Transcribing agency | Nust |
| 082 ## - DEWEY DECIMAL CLASSIFICATION NUMBER | |
| Classification number | 050 |
| 100 ## - MAIN ENTRY--PERSONAL NAME | |
| Personal name | Maj Gen Athar Abbas, |
| 245 ## - TITLE STATEMENT | |
| Title | Hilal July-2011 |
| Statement of responsibility, etc. | Maj Gen Athar Abbas, |
| 250 ## - EDITION STATEMENT | |
| Edition statement | 1,Vol 48 |
| 260 ## - PUBLICATION, DISTRIBUTION, ETC. | |
| Place of publication, distribution, etc. | Rawalpindi |
| Name of publisher, distributor, etc. | ISPR |
| Date of publication, distribution, etc. | 2011 |
| 300 ## - PHYSICAL DESCRIPTION | |
| Extent | Urdu 56 English 44 p.; |
| 505 ## - FORMATTED CONTENTS NOTE | |
| Formatted contents note | Future Maps (page-5) Food for Thought (page-7) Serious Notes (page-9) Current Issues (page-11) Pak-China Friendship Year (page-13) Economic Profile (page-15) View Point (page-17) Floods-2010 (page-18) Valiant Heroes (page-27) Why Don’t We Learn from History (page-28) Health Watch (page-32) Miscellanea(page-21) New & Updates (page-37) |
| 538 ## - SYSTEM DETAILS NOTE | |
| System details note | Almirah No. 137 Shelf No.5 |
| 651 ## - SUBJECT ADDED ENTRY--GEOGRAPHIC NAME | |
| Geographic name | Pakistan Armed Forces Magazine |
| 942 ## - ADDED ENTRY ELEMENTS (KOHA) | |
| Koha item type | |
| Withdrawn status | Lost status | Source of classification or shelving scheme | Damaged status | Not for loan | Collection code | Permanent Location | Current Location | Date acquired | Total Checkouts | Full call number | Barcode | Date last seen | Price effective from | Koha item type |
|---|---|---|---|---|---|---|---|---|---|---|---|---|---|---|
| Military College of Signals (MCS) | Military College of Signals (MCS) | 12/12/2016 | 050 ABB | MCSP-32/48 | 12/08/2016 | 12/12/2016 | Book |
